[Event "Grand Pacific op"]
[Site "Victoria CAN"]
[Date "2013.03.30"]
[Round "3.1"]
[White "Yoos, John"]
[Black "Sohal, Tanraj"]
[Result "1-0"]
[WhiteElo "2355"]
[BlackElo "2240"]
[PlyCount "169"]
[GameId "2160767909372970"]
[EventDate "2013.03.29"]
[EventType "swiss"]
[EventRounds "6"]
[EventCountry "CAN"]

1. e4 c5 2. Nf3 Nc6 3. d4 cxd4 4. Nxd4 Nf6 5. Nc3 e5 6. Ndb5 d6 7. Bg5 a6 8. Na3 Be6 9. Nc4 Rc8 10. Bxf6 Qxf6 11. Nb6 Rb8 12. Ncd5 Qd8 13. c3 Ne7 14. Qa4+ Bd7 15. Nxd7 Qxd7 16. Qa5 Nxd5 17. Qxd5 b5 18. Be2 Be7 19. O-O O-O 20. Rfd1 Qc7 21. g3 Qb6 22. h4 Rfc8 23. a3 Rc5 24. Qd3 Rc6 25. Rd2 a5 26. Bd1 a4 27. Be2 Rc5 28. Rad1 g6 29. Qf3 Kg7 30. Qg4 h5 31. Qh3 Rd8 32. Rd5 Rb8 33. Qf1 Rb7 34. Kh2 Rb8 35. R1d2 Rb7 36. Qg2 Rbc7 37. Qf1 Rb7 38. Bd1 Rb8 39. Bc2 Rc4 40. Qe2 Rc5 41. Bb1 Rf8 42. Ba2 Qb7 43. Kg1 Qb6 44. Kh2 Qb7 45. Qd1 Rc7 46. Bb1 Rfc8 47. Bd3 Rc5 48. Be2 Qb6 49. Kg2 R8c7 50. Rxc5 dxc5 51. c4 b4 52. Qxa4 bxa3 53. Qxa3 Qc6 54. Rd5 f6 55. Bd1 Qb6 56. Ba4 Ra7 57. b3 Qa5 58. Qc1 Qb6 59. Qd1 Qe6 60. Bd7 Qf7 61. Qd2 Rb7 62. Qa2 Bf8 63. Qa4 Rc7 64. Qb5 Qe7 65. Bc6 Qe6 66. Be8 Qe7 67. Bd7 Qf7 68. Rd2 Qe7 69. Bc6 Ra7 70. Qb8 Rc7 71. Ra2 Qd6 72. Bd5 Rd7 73. Qb5 Be7 74. Ra6 Qc7 75. Rb6 Rd8 76. Rb7 Qd6 77. Qa4 Kf8 78. Qa7 Ke8 79. Rc7 Kf8 80. b4 Re8 81. bxc5 Qd8 82. Bc6 Qd4 83. Bxe8 Qxe4+ 84. Kh2 Qe2 85. c6 1-0

[Event "Grand Pacific op"]
[Site "Victoria CAN"]
[Date "2013.03.30"]
[Round "3.2"]
[White "Pechisker, Alfred"]
[Black "Rohonyan, Katerina"]
[Result "0-1"]
[WhiteElo "2255"]
[BlackElo "2347"]
[PlyCount "64"]
[GameId "2160767909372971"]
[EventDate "2013.03.29"]
[EventType "swiss"]
[EventRounds "6"]
[EventCountry "CAN"]

1. d4 d5 2. c4 c6 3. Nf3 Nf6 4. Nc3 a6 5. c5 Nbd7 6. Bf4 Nh5 7. Be3 g6 8. g4 Ng7 9. Bf4 h5 10. g5 Ne6 11. e3 Bg7 12. Bd3 O-O 13. Bg3 b6 14. cxb6 Bb7 15. Qc2 c5 16. h4 cxd4 17. Nxd4 Nec5 18. Bc7 Qe8 19. O-O-O e5 20. Nb3 Nxb3+ 21. Qxb3 Nc5 22. Qc2 d4 23. exd4 Nxd3+ 24. Qxd3 exd4 25. Rhe1 Qc6 26. Kc2 dxc3 27. bxc3 Rfe8 28. Kb3 a5 29. a4 Ba6 30. Qc2 Qc4+ 31. Kb2 Qb4+ 32. Qb3 Bxc3+ 0-1

[Event "Grand Pacific op"]
[Site "Victoria CAN"]
[Date "2013.03.30"]
[Round "3.4"]
[White "Davies, Lucas"]
[Black "Wu, Howard"]
[Result "1/2-1/2"]
[WhiteElo "2233"]
[BlackElo "2259"]
[PlyCount "45"]
[GameId "2160767909372972"]
[EventDate "2013.03.29"]
[EventType "swiss"]
[EventRounds "6"]
[EventCountry "CAN"]

1. e4 c5 2. Nc3 Nc6 3. g3 g6 4. Bg2 Bg7 5. d3 d6 6. Be3 e6 7. Qd2 Nd4 8. Nd1 Rb8 9. c3 Nc6 10. Ne2 Bd7 11. O-O Nge7 12. Bh6 O-O 13. Bxg7 Kxg7 14. Ne3 e5 15. f4 f6 16. fxe5 dxe5 17. Nd5 Be6 18. c4 Nc8 19. Rf2 Nd6 20. Raf1 Ne8 21. Qe3 b6 22. h4 Rb7 23. Kh2 1/2-1/2

[Event "Grand Pacific op"]
[Site "Victoria CAN"]
[Date "2013.03.30"]
[Round "3.5"]
[White "Trochtchanovitch, Pavel"]
[Black "Moore, Harry"]
[Result "1/2-1/2"]
[WhiteElo "1919"]
[BlackElo "2245"]
[PlyCount "49"]
[GameId "2160767909372973"]
[EventDate "2013.03.29"]
[EventType "swiss"]
[EventRounds "6"]
[EventCountry "CAN"]

1. e4 Nf6 2. e5 Nd5 3. d4 d6 4. Nf3 g6 5. Bc4 c6 6. O-O Bg7 7. Re1 O-O 8. Nbd2 dxe5 9. dxe5 Bg4 10. h3 Bxf3 11. Nxf3 Nb6 12. Bb3 Qxd1 13. Rxd1 c5 14. c3 Nc6 15. Bf4 e6 16. Be3 Nxe5 17. Nxe5 Bxe5 18. Bxc5 Rfc8 19. Bxb6 axb6 20. Rd7 Rc7 21. Rad1 Rac8 22. Ba4 Kg7 23. Rxc7 Rxc7 24. Rd7 Kf6 25. Rxc7 1/2-1/2

[Event "Grand Pacific op"]
[Site "Victoria CAN"]
[Date "2013.03.30"]
[Round "3.6"]
[White "Awatramani, Janak"]
[Black "Doknjas, John"]
[Result "1/2-1/2"]
[WhiteElo "2240"]
[BlackElo "2094"]
[PlyCount "32"]
[GameId "2160767909372974"]
[EventDate "2013.03.29"]
[EventType "swiss"]
[EventRounds "6"]
[EventCountry "CAN"]

1. g3 d5 2. Bg2 Nf6 3. d3 Bg4 4. h3 Bh5 5. g4 Bg6 6. f4 e6 7. e3 c6 8. Qe2 Be7 9. Nc3 h6 10. e4 dxe4 11. dxe4 Qc7 12. Be3 Nbd7 13. Qf2 Qa5 14. f5 Bh7 15. Nge2 e5 16. a3 Bc5 1/2-1/2

[Event "Grand Pacific op"]
[Site "Victoria CAN"]
[Date "2013.03.30"]
[Round "3.7"]
[White "Herdin, Matthew"]
[Black "Cao, Jason"]
[Result "0-1"]
[WhiteElo "2094"]
[BlackElo "2208"]
[PlyCount "62"]
[GameId "2160767909372975"]
[EventDate "2013.03.29"]
[EventType "swiss"]
[EventRounds "6"]
[EventCountry "CAN"]

1. e4 c5 2. Nf3 d6 3. d4 cxd4 4. Nxd4 Nf6 5. Nc3 a6 6. Bg5 e6 7. Qf3 h6 8. Bxf6 Qxf6 9. Qxf6 gxf6 10. a4 h5 11. Be2 Bd7 12. O-O Nc6 13. Nb3 Nb4 14. Bd3 O-O-O 15. Na5 b6 16. Nc4 Kb7 17. a5 b5 18. Nb6 Bc6 19. Na2 Nxa2 20. Rxa2 Rg8 21. c4 f5 22. f3 fxe4 23. fxe4 f5 24. cxb5 axb5 25. b4 fxe4 26. Rf7+ Ka6 27. Rc2 Be8 28. Rh7 exd3 29. Rcc7 Rg7 30. Kf1 Rxh7 31. Rxh7 d5 0-1

[Event "Grand Pacific op"]
[Site "Victoria CAN"]
[Date "2013.03.30"]
[Round "3.9"]
[White "Lampman, Becca"]
[Black "Lo, Ryan"]
[Result "0-1"]
[WhiteElo "1931"]
[BlackElo "2196"]
[PlyCount "74"]
[GameId "2160767909372977"]
[EventDate "2013.03.29"]
[EventType "swiss"]
[EventRounds "6"]
[EventCountry "CAN"]

1. d4 Nf6 2. c4 g6 3. Nc3 d5 4. Nf3 Bg7 5. Qb3 dxc4 6. Qxc4 O-O 7. e4 Nc6 8. Be2 Nd7 9. O-O Nb6 10. Qd3 Nxd4 11. Rd1 e5 12. Nxd4 exd4 13. Nb5 c5 14. Bf4 Bd7 15. Rac1 c4 16. Qg3 Bxb5 17. Bc7 Qd7 18. Bg4 Qc6 19. Bd6 Rfe8 20. e5 Qd5 21. Bf3 Bxe5 22. Bxd5 Bxg3 23. Bxg3 Nxd5 24. Rxd4 Nb6 25. Rd2 Rad8 26. Rdc2 Rd3 27. h3 Ba4 28. Rc3 Re2 29. b3 Rxc3 30. Rxc3 cxb3 31. axb3 Bc6 32. Rd3 Nd5 33. Kh2 f6 34. Kg1 Kf7 35. Bb8 a6 36. Ba7 Ke6 37. Bd4 Nf4 0-1

[Event "Grand Pacific op"]
[Site "Victoria CAN"]
[Date "2013.03.30"]
[Round "3.10"]
[White "Sanetullaev, Alisher"]
[Black "Hui, Jeremy"]
[Result "1-0"]
[WhiteElo "2158"]
[BlackElo "1936"]
[PlyCount "61"]
[GameId "2160767909372978"]
[EventDate "2013.03.29"]
[EventType "swiss"]
[EventRounds "6"]
[EventCountry "CAN"]

1. e4 e6 2. d4 d5 3. Nc3 Bb4 4. e5 c5 5. Qg4 Ne7 6. dxc5 Nbc6 7. Bd2 Qc7 8. Nf3 Ng6 9. O-O-O Bxc5 10. Nb5 Qe7 11. h4 f6 12. Nd6+ Kd8 13. Nxc8 Rxc8 14. exf6 gxf6 15. Bb5 Nce5 16. Nxe5 Nxe5 17. Qe2 Kc7 18. Rhe1 a6 19. Ba4 b5 20. Bb3 Rhe8 21. Bf4 Bd6 22. Kb1 Nc4 23. Bxc4 bxc4 24. Rxd5 exd5 25. Qxe7+ Rxe7 26. Rxe7+ Kc6 27. Re6 Rd8 28. Rxf6 Kc5 29. Bxd6+ Rxd6 30. Rxd6 Kxd6 31. c3 1-0

[Event "Grand Pacific op"]
[Site "Victoria CAN"]
[Date "2013.03.31"]
[Round "4"]
[White "Day, Lawrence"]
[Black "Wu, Howard"]
[Result "1-0"]
[WhiteElo "2225"]
[BlackElo "2162"]
[PlyCount "89"]
[GameId "2160767909372979"]
[EventDate "2013.03.29"]
[EventType "swiss"]
[EventRounds "6"]
[EventCountry "CAN"]
[SourceTitle "CBM 153 Extra"]
[Source "ChessBase"]
[SourceDate "2013.04.22"]
[SourceVersion "1"]
[SourceVersionDate "2013.04.22"]
[SourceQuality "1"]

1. g3 d5 2. Nf3 Nf6 3. Bg2 g6 4. b3 Bg7 5. Bb2 O-O 6. c4 c6 7. O-O Bf5 8. d3 a6 9. Qc2 Qc8 10. Rc1 dxc4 11. Qxc4 Be6 12. Qc2 Bh3 13. Bh1 h6 14. Nbd2 Nbd7 15. Rab1 Qd8 16. Nc4 Nb6 17. Na5 Bc8 18. Qd2 Nbd5 19. Bg2 Ne8 20. Ne5 Qd6 21. Nac4 Qd8 22. h3 Be6 23. e4 Ndc7 24. Nb6 Rb8 25. Qe3 Nd6 26. f4 Na8 27. Na4 Nc7 28. g4 Bc8 29. f5 g5 30. h4 Bxe5 31. Bxe5 f6 32. Bb2 e5 33. d4 exd4 34. Bxd4 Ncb5 35. Bc5 Re8 36. Rd1 Qc7 37. hxg5 hxg5 38. Nb6 Nf7 39. a4 Nbd6 40. Rd2 Rd8 41. Rbd1 a5 42. Bf1 Kg7 43. Qg3 Re8 44. Rxd6 Nxd6 45. Qxd6 1-0

[Event "Grand Pacific op"]
[Site "Victoria CAN"]
[Date "2013.03.31"]
[Round "4.1"]
[White "Rohonyan, Katerina"]
[Black "Yoos, John"]
[Result "1/2-1/2"]
[WhiteElo "2347"]
[BlackElo "2355"]
[PlyCount "75"]
[GameId "2160767909372980"]
[EventDate "2013.03.29"]
[EventType "swiss"]
[EventRounds "6"]
[EventCountry "CAN"]

1. c4 e5 2. Nc3 Nc6 3. g3 g6 4. Bg2 d6 5. Nf3 Bg7 6. O-O f5 7. Rb1 Be6 8. d3 h6 9. Nd5 g5 10. b4 Qd7 11. b5 Nd8 12. Nd2 Nf6 13. f4 c6 14. bxc6 bxc6 15. Nxf6+ Bxf6 16. fxg5 hxg5 17. Ne4 Qe7 18. Nxf6+ Qxf6 19. Rf2 Rc8 20. e3 O-O 21. Ba3 c5 22. Qa4 Qe7 23. Bc1 Rc7 24. Bd2 Bd7 25. Qa3 Nc6 26. Rbf1 Qh7 27. Be4 Rcc8 28. Bd5+ Kh8 29. Qa6 Qe7 30. Bc3 Kh7 31. Bxc6 Rxc6 32. Qxa7 Rf7 33. a4 Rc8 34. a5 f4 35. e4 Qf8 36. Qb6 Rb8 37. Qa6 Ra8 38. Qb6 1/2-1/2

[Event "Grand Pacific op"]
[Site "Victoria CAN"]
[Date "2013.03.31"]
[Round "4.3"]
[White "Lo, Ryan"]
[Black "Davies, Lucas"]
[Result "1/2-1/2"]
[WhiteElo "2196"]
[BlackElo "2233"]
[PlyCount "53"]
[GameId "2160767909372981"]
[EventDate "2013.03.29"]
[EventType "swiss"]
[EventRounds "6"]
[EventCountry "CAN"]

1. d4 Nf6 2. c4 g6 3. Nc3 Bg7 4. e4 d6 5. f3 O-O 6. Be3 Nc6 7. Nge2 a6 8. Qd2 Rb8 9. Rc1 Bd7 10. Nd1 b5 11. c5 d5 12. e5 Ne8 13. Ndc3 e6 14. g3 f6 15. f4 fxe5 16. fxe5 Ne7 17. Bh3 Qc8 18. Rf1 b4 19. Nd1 Bb5 20. Bg5 Rxf1+ 21. Kxf1 Qd7 22. Ke1 Bxe2 23. Qxe2 Ra8 24. Bxe7 Bh6 25. Rc2 Qxe7 26. Nf2 c6 27. Ng4 1/2-1/2

[Event "Grand Pacific op"]
[Site "Victoria CAN"]
[Date "2013.03.31"]
[Round "4.4"]
[White "Cao, Jason"]
[Black "Sanetullaev, Alisher"]
[Result "1-0"]
[WhiteElo "2208"]
[BlackElo "2158"]
[PlyCount "81"]
[GameId "2160767909372982"]
[EventDate "2013.03.29"]
[EventType "swiss"]
[EventRounds "6"]
[EventCountry "CAN"]

1. e4 e6 2. d4 d5 3. Nd2 c5 4. exd5 exd5 5. Ngf3 Nc6 6. Bb5 Nf6 7. O-O Be7 8. dxc5 Bxc5 9. Re1+ Be7 10. Qe2 Bg4 11. h3 Bh5 12. b3 Bxf3 13. Nxf3 Ne4 14. Nd4 O-O 15. Bxc6 Bf6 16. Bb2 Bxd4 17. Bxd4 bxc6 18. Qg4 f6 19. f3 Ng5 20. h4 Nf7 21. Re6 Nh6 22. Qf4 Qd7 23. Rae1 Rf7 24. Bc5 a6 25. a4 Rd8 26. c3 Qc8 27. Bb6 Rdf8 28. Qd6 Nf5 29. Qxc6 Qb8 30. Qxd5 Nxh4 31. Bc5 Qg3 32. R1e2 g6 33. Bd6 Qg5 34. Qxg5 fxg5 35. Bxf8 Kxf8 36. Re8+ Kg7 37. R2e7 Rxe7 38. Rxe7+ Kh6 39. Ra7 Nf5 40. Rxa6 Kh5 41. g4+ 1-0

[Event "Grand Pacific op"]
[Site "Victoria CAN"]
[Date "2013.03.31"]
[Round "4.5"]
[White "Kenney, David"]
[Black "Gluckie, Jamin"]
[Result "0-1"]
[WhiteElo "1905"]
[BlackElo "2200"]
[PlyCount "76"]
[GameId "2160767909372983"]
[EventDate "2013.03.29"]
[EventType "swiss"]
[EventRounds "6"]
[EventCountry "CAN"]

1. d4 e6 2. Nf3 f5 3. g3 Nf6 4. Bg2 Be7 5. c4 O-O 6. O-O d6 7. Nc3 a5 8. Bg5 Nbd7 9. Qc2 Ng4 10. Bxe7 Qxe7 11. Rae1 f4 12. e3 fxe3 13. fxe3 Nb6 14. b3 e5 15. d5 a4 16. e4 axb3 17. axb3 Bd7 18. h3 Nf6 19. Kh2 Nh5 20. Ne2 Kh8 21. Qc1 g6 22. Nh4 Kg7 23. Rxf8 Rxf8 24. Rf1 Bc8 25. Rxf8 Qxf8 26. Qf1 Qe7 27. Nf3 g5 28. Qc1 h6 29. Qe3 Nd7 30. Nfg1 Nc5 31. b4 Na6 32. Qd2 Qe8 33. b5 Nc5 34. Qe3 Bd7 35. Nf3 Nf6 36. Nd2 Qh5 37. Qf3 Bg4 38. Qf2 Bxe2 0-1

[Event "Grand Pacific op"]
[Site "Victoria CAN"]
[Date "2013.03.31"]
[Round "4.6"]
[White "Doknjas, John"]
[Black "Villavieja, Butch"]
[Result "0-1"]
[WhiteElo "2094"]
[BlackElo "2294"]
[PlyCount "134"]
[GameId "2160767909372984"]
[EventDate "2013.03.29"]
[EventType "swiss"]
[EventRounds "6"]
[EventCountry "CAN"]

1. d4 Nf6 2. c4 g6 3. Nc3 Bg7 4. e4 d6 5. f3 O-O 6. Be3 e5 7. d5 c6 8. Qd2 cxd5 9. cxd5 a6 10. Nge2 b5 11. g4 h5 12. h3 Nbd7 13. Bg5 Qa5 14. Ng3 b4 15. Nd1 h4 16. Bxh4 Nc5 17. Bc4 Bd7 18. Ne3 Rfc8 19. Rg1 Qb6 20. Rg2 Na4 21. b3 Qd4 22. Rc1 Nc3 23. Ne2 Qxd2+ 24. Kxd2 Nb5 25. Nc2 a5 26. Bf2 Ne8 27. Be3 Nec7 28. h4 f6 29. g5 f5 30. Bd3 f4 31. Bf2 Kf7 32. h5 gxh5 33. g6+ Kf8 34. Rh1 Ne8 35. Rxh5 Nf6 36. Rh1 Nc7 37. Ng1 Nce8 38. Nh3 Bxh3 39. Rxh3 Rc3 40. Bb6 Rcc8 41. Rh1 Rcb8 42. Bf2 a4 43. Rgg1 Nd7 44. Rb1 Nc5 45. Bc4 Nf6 46. Bh4 axb3 47. axb3 Ra2 48. Bxf6 Bxf6 49. Ra1 Rb2 50. Rhb1 Rxb1 51. Rxb1 Kg7 52. Rg1 Bh4 53. Ra1 Kxg6 54. Ra5 Bd8 55. Ra1 Kf6 56. Ne1 Kg5 57. Nd3 Nd7 58. Rg1+ Kf6 59. Ra1 Bb6 60. Ke2 Bd4 61. Ra2 Ke7 62. Ne1 Rh8 63. Ra4 Rh2+ 64. Kd1 Rh1 65. Ra2 Bc3 66. Re2 Nf6 67. Bd3 Nh5 0-1

[Event "Grand Pacific op"]
[Site "Victoria CAN"]
[Date "2013.03.31"]
[Round "4.7"]
[White "Erichsen, Dan"]
[Black "Pechisker, Alfred"]
[Result "0-1"]
[WhiteElo "2103"]
[BlackElo "2255"]
[PlyCount "122"]
[GameId "2160767909372985"]
[EventDate "2013.03.29"]
[EventType "swiss"]
[EventRounds "6"]
[EventCountry "CAN"]

1. e4 c5 2. Nf3 d6 3. d4 cxd4 4. Nxd4 Nf6 5. Nc3 a6 6. Be3 Nc6 7. f3 e6 8. Qd2 Qc7 9. g4 b5 10. O-O-O Bb7 11. g5 Nd7 12. Kb1 Nce5 13. f4 Nc4 14. Bxc4 Qxc4 15. a3 Be7 16. Rhg1 Rd8 17. f5 Nf8 18. Qf2 Rd7 19. Rgf1 Bd8 20. Nb3 e5 21. Rd3 b4 22. Nd2 Qc8 23. axb4 f6 24. h4 Be7 25. Nd5 Bxd5 26. Rxd5 Rb7 27. c3 Nd7 28. Qe2 Qc6 29. Qh5+ Kf8 30. Qd1 Nb6 31. Bxb6 Rxb6 32. Rg1 Rb5 33. Qb3 Rxd5 34. Qxd5 Qxd5 35. exd5 fxg5 36. hxg5 h5 37. Ne4 Ke8 38. Rh1 h4 39. Rh3 Rf8 40. Rxh4 Rxf5 41. Rg4 Rf4 42. Rxf4 exf4 43. Kc2 Kf7 44. Kd3 Kg6 45. c4 Kf5 46. Kd4 f3 47. c5 dxc5+ 48. bxc5 Bxc5+ 49. Kxc5 Kxe4 50. d6 f2 51. d7 f1=Q 52. d8=Q Qb5+ 53. Kd6 Qd5+ 54. Kc7 Qc5+ 55. Kb7 Qb5+ 56. Qb6 Kd3 57. Qxb5+ axb5 58. Kb6 b4 59. Kb5 b3 60. Kb4 Kc2 61. Ka3 g6 0-1

[Event "Grand Pacific op"]
[Site "Victoria CAN"]
[Date "2013.03.31"]
[Round "4.8"]
[White "Moore, Harry"]
[Black "Daswani, Benedict"]
[Result "0-1"]
[WhiteElo "2245"]
[BlackElo "1983"]
[PlyCount "86"]
[GameId "2160767909372986"]
[EventDate "2013.03.29"]
[EventType "swiss"]
[EventRounds "6"]
[EventCountry "CAN"]

1. d4 Nf6 2. c4 c5 3. d5 e5 4. Nc3 d6 5. e4 Be7 6. Nf3 O-O 7. h3 Ne8 8. Bd3 g6 9. g4 Ng7 10. Bh6 Nd7 11. Qd2 Nf6 12. Ke2 a6 13. a4 Rb8 14. Ne1 Bd7 15. Nc2 Kh8 16. f3 Ng8 17. Be3 Bh4 18. Rag1 f5 19. gxf5 gxf5 20. Bg5 Bxg5 21. Qxg5 Qxg5 22. Rxg5 f4 23. b4 b6 24. Rgg1 Nf6 25. Rb1 Ngh5 26. Kf2 Ng3 27. Rhc1 Bxh3 28. bxc5 bxc5 29. a5 Bd7 30. Rb6 Rxb6 31. axb6 Rb8 32. Rb1 Rb7 33. Ne2 Nxe2 34. Bxe2 Nh5 35. Ne1 Ng3 36. Bd3 h5 37. Ng2 Kg7 38. Nh4 Kf6 39. Kg2 Kg5 40. Nf5 Nxf5 41. exf5 Bxf5 42. Bxf5 Kxf5 43. Kh3 e4 0-1

[Event "Grand Pacific op"]
[Site "Victoria CAN"]
[Date "2013.03.31"]
[Round "4.9"]
[White "Lai, Peter"]
[Black "Awatramani, Janak"]
[Result "1/2-1/2"]
[WhiteElo "2029"]
[BlackElo "2240"]
[PlyCount "46"]
[GameId "2160767909372987"]
[EventDate "2013.03.29"]
[EventType "swiss"]
[EventRounds "6"]
[EventCountry "CAN"]

1. d4 b6 2. c4 Bb7 3. Nc3 e6 4. a3 d5 5. cxd5 exd5 6. Nf3 Nf6 7. Bg5 Be7 8. e3 a6 9. Bd3 Ne4 10. Bxe7 Qxe7 11. Rc1 O-O 12. Qb3 Qd6 13. O-O Nd7 14. Qc2 Nef6 15. e4 dxe4 16. Nxe4 Bxe4 17. Bxe4 Nxe4 18. Qxe4 c5 19. Rfd1 Rfe8 20. Qb7 Reb8 21. Qe4 Re8 22. Qb7 Reb8 23. Qe4 Re8 1/2-1/2

[Event "Grand Pacific op"]
[Site "Victoria CAN"]
[Date "2013.03.31"]
[Round "4.10"]
[White "Sohal, Tanraj"]
[Black "North, Robert"]
[Result "1-0"]
[WhiteElo "2240"]
[BlackElo "1938"]
[PlyCount "107"]
[GameId "2160767909372988"]
[EventDate "2013.03.29"]
[EventType "swiss"]
[EventRounds "6"]
[EventCountry "CAN"]

1. d4 Nf6 2. c4 g6 3. Nc3 d5 4. Bg5 Ne4 5. Bh4 Nxc3 6. bxc3 dxc4 7. e3 Bg7 8. Bxc4 O-O 9. Nf3 c5 10. O-O Qc7 11. Rc1 Nc6 12. Qe2 Bg4 13. h3 Bxf3 14. Qxf3 e6 15. Rfd1 Rfc8 16. Bg3 Qe7 17. Qe4 Na5 18. Be2 Rd8 19. Bf3 Rac8 20. Qb1 b6 21. Bh2 e5 22. dxc5 Qxc5 23. Qb4 Qf8 24. Qxf8+ Kxf8 25. Rd5 Rxd5 26. Bxd5 Rc5 27. e4 Bh6 28. Rc2 f6 29. Kf1 Nc6 30. Bb3 Na5 31. Ke2 Nxb3 32. axb3 Ra5 33. Kd3 Rc5 34. f3 Rc7 35. Bg1 Ke8 36. Ra2 Bf8 37. Be3 Bd6 38. g4 g5 39. h4 h6 40. hxg5 fxg5 41. Rh2 Bf8 42. Ra2 Kd7 43. c4 Kc6 44. Bd2 Rd7+ 45. Ke2 a5 46. Bc3 Bd6 47. Rd2 Bc7 48. Rd5 Rxd5 49. exd5+ Kc5 50. Kd3 b5 51. Bd2 bxc4+ 52. bxc4 a4 53. Be3+ Kd6 54. Bc1 1-0

[Event "Grand Pacific op"]
[Site "Victoria CAN"]
[Date "2013.03.31"]
[Round "5"]
[White "Wu, Howard"]
[Black "Cohen, Lawrence S"]
[Result "1-0"]
[WhiteElo "2162"]
[BlackElo "1959"]
[PlyCount "121"]
[GameId "2160767909372989"]
[EventDate "2013.03.29"]
[EventType "swiss"]
[EventRounds "6"]
[EventCountry "CAN"]
[SourceTitle "CBM 153 Extra"]
[Source "ChessBase"]
[SourceDate "2013.04.22"]
[SourceVersion "1"]
[SourceVersionDate "2013.04.22"]
[SourceQuality "1"]

1. e4 Nc6 2. Nf3 e5 3. Bb5 d6 4. O-O Bd7 5. c3 Nf6 6. Re1 Be7 7. d4 O-O 8. Nbd2 a6 9. Bd3 b5 10. Nf1 Bg4 11. d5 Na7 12. h3 Bd7 13. Ng3 c5 14. Be3 Nc8 15. Bc2 Re8 16. Nh2 Nb6 17. b3 Qc7 18. Qf3 a5 19. Ng4 a4 20. Nxf6+ Bxf6 21. Nh5 Qd8 22. Bh6 Kh8 23. Bd3 Rg8 24. b4 c4 25. Be2 Be8 26. Be3 Be7 27. g4 g6 28. Ng3 Nd7 29. Kh2 Bg5 30. Rg1 Qf6 31. Qxf6+ Bxf6 32. g5 Bd8 33. Bg4 Rb8 34. Raf1 Rb7 35. Kg2 Bb6 36. Bxd7 Bxd7 37. Bxb6 Rxb6 38. f4 Kg7 39. Rf2 Rf8 40. Rgf1 f6 41. fxe5 dxe5 42. h4 h5 43. gxh6+ Kxh6 44. h5 Rd6 45. hxg6 Kxg6 46. Nf5 Bxf5 47. Rxf5 Rh8 48. R1f3 Rh5 49. Rg3+ Kh6 50. Rxh5+ Kxh5 51. Rg8 Rb6 52. Kf3 Kh6 53. Kg4 Kh7 54. Rc8 Kg6 55. Rc5 Rb7 56. d6 Rd7 57. Rd5 Rd8 58. d7 f5+ 59. exf5+ Kf6 60. Kf3 Kxf5 61. Ke3 1-0

[Event "Grand Pacific op"]
[Site "Victoria CAN"]
[Date "2013.03.31"]
[Round "5.1"]
[White "Yoos, John"]
[Black "Day, Lawrence"]
[Result "1-0"]
[WhiteElo "2355"]
[BlackElo "2227"]
[PlyCount "105"]
[GameId "2160767909372990"]
[EventDate "2013.03.29"]
[EventType "swiss"]
[EventRounds "6"]
[EventCountry "CAN"]

1. e4 e5 2. f4 d5 3. exd5 exf4 4. Bc4 Nf6 5. Nc3 a6 6. d4 Bg4 7. Be2 Bf5 8. Bxf4 Bb4 9. Bg5 Nbd7 10. Bf3 O-O 11. Nge2 h6 12. Bd2 Nb6 13. O-O Nc4 14. Bc1 Re8 15. a3 Bf8 16. b3 Nd6 17. Ng3 Bh7 18. Na4 g5 19. Nc5 Bg7 20. Bb2 Qc8 21. Nh5 Nxh5 22. Bxh5 Re7 23. Nd3 b6 24. Ne5 f6 25. Nc6 Re4 26. Bf3 Re8 27. c4 Qd7 28. Bg4 f5 29. Bh5 Re4 30. Bf3 Ree8 31. Be2 f4 32. Bg4 Bf5 33. Bh5 Re3 34. Ne5 Qe7 35. Re1 Rxe1+ 36. Qxe1 Kh7 37. Qe2 Rf8 38. Re1 Ne8 39. Ng4 Qxe2 40. Rxe2 Nf6 41. Nxf6+ Bxf6 42. h3 Kg7 43. Bg4 Bd3 44. Re6 Bg6 45. Rc6 Rf7 46. d6 cxd6 47. Rxd6 h5 48. Be6 Rb7 49. b4 Be8 50. Bc8 Rc7 51. Be6 Be7 52. Rxb6 Bf6 53. Rxa6 1-0

[Event "Grand Pacific op"]
[Site "Victoria CAN"]
[Date "2013.03.31"]
[Round "5.2"]
[White "Gluckie, Jamin"]
[Black "Rohonyan, Katerina"]
[Result "1/2-1/2"]
[WhiteElo "2200"]
[BlackElo "2347"]
[PlyCount "61"]
[GameId "2160767909372991"]
[EventDate "2013.03.29"]
[EventType "swiss"]
[EventRounds "6"]
[EventCountry "CAN"]

1. d4 d5 2. c4 c6 3. Nf3 Nf6 4. Nc3 a6 5. c5 Nbd7 6. Bf4 Nh5 7. Bd2 Qc7 8. e4 dxe4 9. Ng5 Nf4 10. Ngxe4 Nf6 11. Nxf6+ gxf6 12. Qf3 Nd5 13. Nxd5 cxd5 14. Qxd5 Be6 15. Qf3 O-O-O 16. Bf4 Qa5+ 17. Qc3 Qxc3+ 18. bxc3 Bd5 19. f3 e5 20. Be3 Bg7 21. Bd3 Be6 22. g4 h5 23. Kf2 hxg4 24. fxg4 f5 25. Bxf5 Bxf5 26. gxf5 exd4 27. cxd4 Bxd4 28. Rad1 Bxe3+ 29. Kxe3 Rxd1 30. Rxd1 Rxh2 31. Rd2 1/2-1/2

[Event "Grand Pacific op"]
[Site "Victoria CAN"]
[Date "2013.03.31"]
[Round "5.3"]
[White "Villavieja, Butch"]
[Black "Cao, Jason"]
[Result "1-0"]
[WhiteElo "2294"]
[BlackElo "2208"]
[PlyCount "81"]
[GameId "2160767909372992"]
[EventDate "2013.03.29"]
[EventType "swiss"]
[EventRounds "6"]
[EventCountry "CAN"]

1. e4 c5 2. Nf3 d6 3. d4 cxd4 4. Nxd4 Nf6 5. Nc3 a6 6. f3 e5 7. Nb3 Be6 8. Be3 Be7 9. Qd2 O-O 10. O-O-O Nbd7 11. g4 b5 12. g5 b4 13. Ne2 Ne8 14. Kb1 a5 15. h4 Nc7 16. f4 Bg4 17. Rg1 Bf3 18. Bg2 Bxg2 19. Rxg2 Nb5 20. f5 Kh8 21. h5 Nc5 22. g6 fxg6 23. Nxc5 dxc5 24. Qe1 Qc7 25. hxg6 Rfd8 26. Rh2 h6 27. Bxh6 gxh6 28. Rxh6+ Kg8 29. Rh8+ Kxh8 30. Qh1+ Bh4 31. Qxh4+ Kg8 32. Rh1 Qg7 33. a4 Nd4 34. Nxd4 cxd4 35. Qg5 Rf8 36. Rh7 Qf6 37. Qh5 Rae8 38. g7 Qxg7 39. Rxg7+ Kxg7 40. Qg6+ Kh8 41. f6 1-0

[Event "Grand Pacific op"]
[Site "Victoria CAN"]
[Date "2013.03.31"]
[Round "5.4"]
[White "Pechisker, Alfred"]
[Black "Lo, Ryan"]
[Result "1-0"]
[WhiteElo "2255"]
[BlackElo "2196"]
[PlyCount "69"]
[GameId "2160767909372993"]
[EventDate "2013.03.29"]
[EventType "swiss"]
[EventRounds "6"]
[EventCountry "CAN"]

1. d4 Nf6 2. c4 g6 3. Nc3 d5 4. Bg5 Ne4 5. Bh4 Nxc3 6. bxc3 dxc4 7. e3 Be6 8. Rb1 b6 9. Nf3 Bg7 10. Nd2 c6 11. a4 O-O 12. Nxc4 Qc7 13. Bg3 Qc8 14. Bd3 Nd7 15. O-O Nf6 16. Qe2 Nh5 17. Bh4 Re8 18. Nd2 Qd7 19. c4 Qc7 20. Be4 Bd7 21. Bf3 Nf6 22. Bg3 Qc8 23. a5 Rb8 24. Bxb8 Qxb8 25. axb6 axb6 26. Rb3 e5 27. dxe5 Rxe5 28. Rfb1 b5 29. cxb5 cxb5 30. Nc4 Rf5 31. Na3 h5 32. Nxb5 Qe5 33. Nd4 Rg5 34. Rb5 Ng4 35. Rxe5 1-0

[Event "Grand Pacific op"]
[Site "Victoria CAN"]
[Date "2013.03.31"]
[Round "5.5"]
[White "Airapetian, Chouchanik"]
[Black "Sohal, Tanraj"]
[Result "0-1"]
[WhiteElo "2131"]
[BlackElo "2240"]
[PlyCount "82"]
[GameId "2160767909372994"]
[EventDate "2013.03.29"]
[EventType "swiss"]
[EventRounds "6"]
[EventCountry "CAN"]

1. e4 c5 2. Nf3 Nc6 3. d4 cxd4 4. Nxd4 Nf6 5. Nc3 e6 6. Be2 Bb4 7. Nxc6 bxc6 8. e5 Ne4 9. Bd2 Bxc3 10. bxc3 Qa5 11. O-O Qxe5 12. Bf3 Nxd2 13. Qxd2 O-O 14. Rfe1 Qc5 15. Rab1 d5 16. Rb4 Qe7 17. c4 a5 18. Ra4 Qc7 19. Re3 Ba6 20. cxd5 cxd5 21. Rc3 Qd8 22. Be2 Bxe2 23. Qxe2 Qf6 24. Rc5 g6 25. g3 Qb2 26. Qf3 Rac8 27. Raxa5 Rxc5 28. Rxc5 Qxa2 29. Rc7 Qa5 30. Qf4 Qa1+ 31. Kg2 Kg7 32. h4 Qf6 33. Qd2 Qe5 34. Rc5 Rb8 35. Qd3 Rb1 36. Kh2 Qe1 37. Qd4+ e5 38. Qxd5 Qxf2+ 39. Kh3 Re1 40. Rc3 Re2 41. Qb7 h5 0-1